000 00579nam a2200241Ia 4500
003 OSt
005 20220924150609.0
006 a|||||r|||| 00| 0
007 ta
008 220923b |||||||| |||| 00| 0 tel d
020 _c4.00
024 _a333844
037 _cTextual
040 _aARTS
_cARTS
_btel
041 _2tel
_atel
082 _a035,3x, L396
100 _aDikshit Au.
_9222503
245 0 _aBangaru piteke
260 _c1979
650 _aTELUGU FICTION
942 _h035,3x, L396
_cTEXL
_2CC
999 _c463899
_d463899